Дело об учреждении при Академии наук постоянной полярной комиссии

Доступно только в Электронных читальных залах Найти на картеНа карте
RUSMARC
00005621nmc2a22000003x 450
00164a5ddbf-c107-4425-a84e-80c7aee05c3e
00520250709134021.0
100##$a20180118l19151917k l0rusy0189 ca
1010#$arus
102##$aRU
2001#$aДело об учреждении при Академии наук постоянной полярной комиссии
$j11 марта 1915 г. - 6 сентября 1917 г.
251##$cДело
300##$aДело
801#0$aRU
$bРГИА
$c20180118
$gRCR
801#1$aRU
$bГлавНИВЦ
$c20180118
$2rusmarc
801#2$aRU
$bПБ им. Б.Н. Ельцина
$c20200122
$gRCR
$2rusmarc
850##$aРГИА
852##$aРГИА
$eФедеральное казенное учреждение "Российский государственный исторический архив" (РГИА)
$j358
937##$hРГИА
$d12226352
$aASBIBLIO_SCAN
462#0$100146c96731-af2d-49ce-8199-721d162b0637
$12001
$aДела по ученым учреждениям и высшим учебным заведениям Департамента народного просвещения за 1915-1917 годы
$1251
$cОпись
$1852
$j156
461#0$1001a74412a3-3cc5-4d21-8f0a-dfe2fbd9e72d
$12001
$aДепартамент народного просвещения Министерства народного просвещения (1803-1917)
$1251
$cФонд
$1852
$j733
215##$a34 л.
$d36,5х26 см
371##$aДокумент не является опубликованным и широко распространяемым
105##$ay###
1222#$ad
035##$a64a5ddbf-c107-4425-a84e-80c7aee05c3e
856##$uhttp://readingroom.main.prlib.ru/item.aspx?id_node=n137410183&mode=full
60102$2prlib_sh
$3LIBNET\UAF\0000049525
$aАкадемия наук
$cСанкт-Петербург, город
$xИстория
$zнач. 20 в.
$jДокументы и материалы
605##$2acquisition_Prlib
$3DITM\AF\0000002775
$aВласть
$lколлекция
605##$2acquisition_Prlib
$3DITM\AF\0000004675
$aТерритория
$lколлекция
605##$2acquisition_Prlib
$3LIBNET\UAF\0000057294
$aОсвоение Арктики
$lколлекция
686##$a26.8г
$2rubbk
$vLBC/M
686##$a72.471.1(2Рос)г.ю11
$2rubbk
$vLBC/M
686##$a63.3(2)53-1ю11
$vLBC/M
$2rubbk
607##$aАрктика
$xИсследования
$2prlib_sh
$3LIBNET\UAF\0000061548
$yРоссия
$z19 - нач. 20 вв.
$jДокументы и материалы
Формат отображения